Регионална библиотека "Любен Каравелов" - Русе

СТЕФАН КАРАДЖА (Запис номер 345085)

MARC детайли
000 -Лидер
Контролно поле с фиксирана дължина 01001nas a2200253 a 4500
003 - Код на организацията, давaща контролен номер
Контролно поле BLK
005 - Дата и час на последна редакция
Контролно поле 20190915221615.0
008 - Елементи от данни с фиксирана дължина
fixed length control field 190915d |||n| |||| 00| c0bul d
010 ## - Наследен системен номер
LC control number 000124
040 ## - Източник на каталожния запис
Идентификатор на билиотеката - собственик на записа BLK
041 ## - Код за език
Код за езика на текст/звукозапис или на отделно заглавие Български
080 ## - УДК
УДК - код + определител 329.78(497.2)(05)
245 10 - Сведения за заглавието
Заглавие СТЕФАН КАРАДЖА
Том 3
246 ## - Различни форми на заглавието
Паралелно заглавие Орган на Добруджанските младежки организации "Стефан Караджа" в България
260 ## - Област на издателските данни
Място на издаване, разпространение и проч. Варна
Година на издаване 1930
Дата на отпечатване 1933
490 ## - СЕРИИ (Колекции)
Име на серия Частна колекция - Академик Михаил Арнаудов
Бележки за серията Дарение - Основен фонд
520 ## - Забележка за наличие на резюме, анотация и т.н
Анотация, рецензия, сканиран текст Михаил Арнаудов: на други лица-лист-ръкопис
520 ## - Забележка за наличие на резюме, анотация и т.н
Анотация, рецензия, сканиран текст Адрес : София, Университета Професор М. Арнаудов
650 ## - Допълнително описание по предмет – тема
Основно описание – тема или топоним История
650 ## - Допълнително описание по предмет – тема
Основно описание – тема или топоним Политика
650 #4 - Допълнително описание по предмет – тема
Основно описание – тема или топоним български печат
700 1# - Други автори (авторска отговорност)
Лично име Борис Чернев
852 ## - Местоположение
Форматна сигнатура МА 4668
942 ## - АРТИКУЛИ
Вид на библиотечния материал Вестници
Скрит в OPAC Не
999 ## - СИСТЕМНИ КОНТРОЛНИ НОМЕРА
Koha biblionumber 345085
Koha biblioitemnumber 345085
Наличности
Код за отписване Код за изгубен артикул Източник на класификационната схема Код за повреда Коз за рестрикции Код за отдаване Артикулен № Име на библиотеката - собственик Име на библиотеката, в която се намира в момента Статус (Текущо местоположение) Местоположение - отдел Цена в лева Номерация (Хронология) Инвентарен номер Систематично азбучна сигнатура Баркод Цена в евро Служебен тип на артикула Бележка за публиката
  Не е изгубен Universal Decimal Classification Не е повреден без рестрикции Специални фондове ( старопечатни, редки и ценни, фонд М. Арнаудов) 745919 Регионална библиотека "Любен Каравелов" Русе Регионална библиотека "Любен Каравелов" Русе Фонд "Михаил Арнаудов" Фонд "Михаил Арнаудов" 2.00 1933 стр. от бр. 8 592831 МА 4668 130000592831 1.02 Вестници 8
Vip Innovations Ltd, Rousse, Bulgaria 2025